Ένωση Μαστιχοπαραγωγών Χίου και μαστιχοπαραραγωγοί : πολιτικές διαχείρισης του περιβάλλοντος και του τοπίου του αγροτικού χώρου της Νότιας Χίου 1939-1989

Αποθηκεύτηκε σε:
Λεπτομέρειες βιβλιογραφικής εγγραφής
Κύριος συγγραφέας: Τσούχλης, Δημήτρης Α.
Μορφή: Βιβλίο
Γλώσσα:Greek
Δημοσίευση: Αθήνα : Καστανιώτη, 2022.
Θέματα:
Ετικέτες: Προσθήκη ετικέτας
Δεν υπάρχουν, Καταχωρήστε ετικέτα πρώτοι!

MARC

LEADER 00000cam a2200000 a 4500
001 1/125267
008 220729s2022####gr | ||| |||| ||gre||
020 |a 9789600369526 
040 |a GR-MyUa  |b gre  |c GR-MyUa  |e AACR2 
041 0 |a gre 
082 7 |a 334.6830949582  |2 (23) 
100 1 |a Τσούχλης, Δημήτρης Α. 
245 1 0 |a Ένωση Μαστιχοπαραγωγών Χίου και μαστιχοπαραραγωγοί :   |b πολιτικές διαχείρισης του περιβάλλοντος και του τοπίου του αγροτικού χώρου της Νότιας Χίου 1939-1989 /   |c Δημήτρης Α. Τσούχλης.  
260 |a Αθήνα :   |b Καστανιώτη,   |c 2022.  
300 |a 477 σ. :   |b εικ. ;   |c 24 εκ.  
504 |a Περιλαμβάνει βιβλιογραφία και παραρτήματα.  
650 0 |a Gums and resins industry  |z Greece  |z Chios (Municipality) 
650 0 |a Gums and resins  |z Greece  |z Chios (Municipality) 
650 0 |a Agriculture, Cooperative  |z Greece  |z Chios (Municipality) 
650 0 |a Mastic industry  |z Greece  |z Chios (Municipality) 
650 0 |a Pistacia  |z Greece  |z Chios (Municipality) 
650 0 |a Agriculture  |z Greece  |z Chios (Municipality) 
852 |a INST  |b LESVOS  |e 20220729  |h 334.6830949582 ΤΣΟ  |p 005100064182  |q 005100064182  |t BK  |y 0 
970 |a Δημάκη  |b Μαρία  |z 29-07-2022